| 000 -LEADER |
| fixed length control field |
00788nam a22003017a 4500 |
| 003 - CONTROL NUMBER IDENTIFIER |
| control field |
OSt |
| 008 - FIXED-LENGTH DATA ELEMENTS--GENERAL INFORMATION |
| fixed length control field |
150515b xxu||||| |||| 00| 0 eng d |
| 041 ## - LANGUAGE CODE |
| Language code of text/sound track or separate title |
eng |
| 050 00 - LIBRARY OF CONGRESS CALL NUMBER |
| Classification number |
383.2135S |
| 100 1# - MAIN ENTRY--PERSONAL NAME |
| Personal name |
Lindquist, H. L. |
| 245 10 - TITLE STATEMENT |
| Title |
The Stamp Specialist |
| 246 10 - VARYING FORM OF TITLE |
| Title proper/short title |
Volume 1, Part 2 (Number 2) |
| 260 ## - PUBLICATION, DISTRIBUTION, ETC. (IMPRINT) |
| Place of publication, distribution, etc. |
New York, NY |
| Name of publisher, distributor, etc. |
H. L. Lindquist |
| 300 ## - PHYSICAL DESCRIPTION |
| Extent |
157 pages |
| 650 #0 - SUBJECT ADDED ENTRY--TOPICAL TERM |
| Topical term or geographic name as entry element |
General |
| 650 #0 - SUBJECT ADDED ENTRY--TOPICAL TERM |
| Topical term or geographic name as entry element |
Independent Mail Routes |
| 650 #0 - SUBJECT ADDED ENTRY--TOPICAL TERM |
| Topical term or geographic name as entry element |
US Classics |
| 650 #0 - SUBJECT ADDED ENTRY--TOPICAL TERM |
| Topical term or geographic name as entry element |
US 1851 Issue |
| 650 #0 - SUBJECT ADDED ENTRY--TOPICAL TERM |
| Topical term or geographic name as entry element |
Roman States |
| 650 #0 - SUBJECT ADDED ENTRY--TOPICAL TERM |
| Topical term or geographic name as entry element |
Great Britain Used Abroad |
| 650 #0 - SUBJECT ADDED ENTRY--TOPICAL TERM |
| Topical term or geographic name as entry element |
Australia |
| 650 #0 - SUBJECT ADDED ENTRY--TOPICAL TERM |
| Topical term or geographic name as entry element |
New York Steamship Markings |
| 650 #0 - SUBJECT ADDED ENTRY--TOPICAL TERM |
| Topical term or geographic name as entry element |
Louisville Kentucky |
| 650 #0 - SUBJECT ADDED ENTRY--TOPICAL TERM |
| Topical term or geographic name as entry element |
Southern Letter Unpaid |
| 650 #0 - SUBJECT ADDED ENTRY--TOPICAL TERM |
| Topical term or geographic name as entry element |
Postal Markings |
| 650 #0 - SUBJECT ADDED ENTRY--TOPICAL TERM |
| Topical term or geographic name as entry element |
Air Mail Stamps |
| 650 #0 - SUBJECT ADDED ENTRY--TOPICAL TERM |
| Topical term or geographic name as entry element |
Prices Realized |